[Event "SVK-ch U16"]
[Site "Tatralandia"]
[Date "2015.04.23"]
[Round "7"]
[White "Starovic, Tomas"]
[Black "Stevlik, Richard"]
[Result "1-0"]
[WhiteElo "1541"]
[BlackElo "1169"]
[PlyCount "31"]
[EventDate "2015.04.18"]
[EventType "swiss"]
[EventRounds "9"]
[EventCountry "SVK"]
[SourceTitle "CBM 166 Extra"]
[Source "ChessBase"]
[SourceDate "2015.06.18"]
[SourceVersion "1"]
[SourceVersionDate "2015.06.18"]
[SourceQuality "1"]

1. e4 e5 2. Nf3 Nc6 3. Bc4 f6 4. d4 exd4 5. Nxd4 Nxd4 6. Qxd4 d6 7. Nc3 Ne7 8. Bf4 Nc6 9. Qd5 Qe7 10. Bb5 Bd7 11. 0-0-0 a6 12. Ba4 Qe6 13. Rhe1 0-0-0 14. Bxc6 bxc6 15. Qa5 Qc4 16. b3 1-0

[Event "SVK-ch U16"]
[Site "Tatralandia"]
[Date "2015.04.20"]
[Round "3"]
[White "Starovic, Tomas"]
[Black "Milany, Levente"]
[Result "0-1"]
[WhiteElo "1541"]
[BlackElo "1643"]
[PlyCount "106"]
[EventDate "2015.04.18"]
[EventType "swiss"]
[EventRounds "9"]
[EventCountry "SVK"]
[SourceTitle "CBM 166 Extra"]
[Source "ChessBase"]
[SourceDate "2015.06.18"]
[SourceVersion "1"]
[SourceVersionDate "2015.06.18"]
[SourceQuality "1"]

1. e4 e5 2. Nf3 Nc6 3. d4 exd4 4. Nxd4 Nxd4 5. Qxd4 d6 6. Nc3 Nf6 7. Bg5 Be7 8. Bc4 0-0 9. 0-0-0 Be6 10. e5 dxe5 11. Qxe5 Nd7 12. Bxe7 Qxe7 13. Qb5 Bxc4 14. Rxd7 Bxb5 15. Rxe7 Bc6 16. Rhe1 Rfe8 17. Rxe8+ Rxe8 18. Rxe8+ Bxe8 19. Nd5 c6 20. Ne7+ Kf8 21. Nc8 Bd7 22. Nd6 b6 23. Kd2 Ke7 24. Ne4 Be6 25. a3 Bd5 26. f3 Ke6 27. Ng5+ Ke7 28. Ke3 h6 29. Ne4 f5 30. Ng3 Ke6 31. Nh5 g5 32. g3 Ke5 33. f4+ Ke6 34. c3 Kf7 35. Kd4 Bf3 36. Ke5 Bxh5 37. Kd6 gxf4 38. gxf4 Bf3 39. Kc7 b5 40. Kd6 a5 41. Kc5 a4 42. Kd4 Ke6 43. c4 Be2 44. cxb5 cxb5 45. Kc5 Bc4 46. Kc6 h5 47. h4 Bd3 48. Kc5 Kd7 49. Kd5 Kc7 50. Kc5 Bc4 51. Kd4 Kd6 52. Ke3 Kd5 53. Kf2 Ke4 0-1

[Event "SVK-ch U16"]
[Site "Stara Lubovna"]
[Date "2014.04.07"]
[Round "3"]
[White "Jakubik, Matej"]
[Black "Starovic, Tomas"]
[Result "1-0"]
[WhiteElo "1664"]
[BlackElo "1211"]
[PlyCount "73"]
[EventDate "2014.04.05"]
[EventType "swiss"]
[EventRounds "9"]
[EventCountry "SVK"]
[SourceTitle "EXT 2016"]
[Source "ChessBase"]
[SourceDate "2015.10.08"]
[SourceVersion "1"]
[SourceVersionDate "2015.10.08"]
[SourceQuality "1"]

1. d4 d5 2. c4 e6 3. Nc3 Bb4 4. Nf3 Nf6 5. Bg5 h6 6. Bxf6 Qxf6 7. e3 Nc6 8. Qc2 e5 9. dxe5 Nxe5 10. Nxe5 Qxe5 11. Qa4+ Bd7 12. Qxb4 Bc6 13. cxd5 Bxd5 14. Nxd5 Qxd5 15. Qb5+ Qxb5 16. Bxb5+ c6 17. Be2 Rd8 18. Rd1 Ke7 19. Bf3 f6 20. Ke2 f5 21. Rxd8 Rxd8 22. Rd1 Rf8 23. Rd4 g5 24. h3 f4 25. exf4 gxf4 26. Rb4 b6 27. Bxc6 Kd6 28. Bf3 Rf7 29. Kd3 Ke5 30. Re4+ Kd6 31. Rd4+ Ke5 32. Rd5+ Ke6 33. Kd4 a5 34. Rxa5 bxa5 35. Bd5+ Kf6 36. Bxf7 Kxf7 37. Ke4 1-0

[Event "SVK-ch U16"]
[Site "Stara Lubovna"]
[Date "2014.04.05"]
[Round "1"]
[White "Jablonicky, Martin"]
[Black "Starovic, Tomas"]
[Result "1-0"]
[WhiteElo "1935"]
[BlackElo "1211"]
[PlyCount "59"]
[EventDate "2014.04.05"]
[EventType "swiss"]
[EventRounds "9"]
[EventCountry "SVK"]
[SourceTitle "EXT 2016"]
[Source "ChessBase"]
[SourceDate "2015.10.08"]
[SourceVersion "1"]
[SourceVersionDate "2015.10.08"]
[SourceQuality "1"]

1. e4 e5 2. Nf3 Nc6 3. Bb5 a6 4. Ba4 Nf6 5. 0-0 Bc5 6. Bxc6 bxc6 7. Nxe5 Qe7 8. d4 Bd6 9. Nxf7 Bxh2+ 10. Kxh2 Qxf7 11. e5 Nd5 12. c4 Nb6 13. b3 d5 14. c5 Nd7 15. e6 Qf6 16. exd7+ Bxd7 17. Qh5+ g6 18. Qe5+ Qxe5+ 19. dxe5 Rf8 20. Na3 Rf5 21. Bb2 Rb8 22. Nc2 Rb7 23. Rae1 Ke7 24. e6 Rh5+ 25. Kg1 Bxe6 26. Nd4 Kf7 27. Rxe6 Rh4 28. Rfe1 Re4 29. R6xe4 dxe4 30. Nxc6 1-0